| 000 | 00902nam a22002417a 4500 | ||
|---|---|---|---|
| 999 |
_c7996 _d7996 |
||
| 001 | 7996 | ||
| 003 | BD-JhCC | ||
| 005 | 20181204094716.0 | ||
| 008 | 180217b1965 bg ||||| |||| 00| 0 ben d | ||
| 035 | _a(BD-JhCC)7996 | ||
| 040 |
_aBD-JhCC _dBD-JhCC |
||
| 041 | _aben | ||
| 082 |
_a309.9597 _bCHE 1965 |
||
| 100 | _aচি, হোয়াং ভ্যান | ||
| 245 |
_aবিপ্লবের অন্তরালে : _bউত্তর ভিয়েতনামের একটি বাস্তব কাহিনী / _cহোয়াং ভ্যান চি, আনিসুজ্জামান (অনু.) |
||
| 260 |
_aঢাকাঃ _bখোশরোজ কিতাব মহল _c1965 |
||
| 300 |
_a276 p. : _c21 cm. |
||
| 650 | _aRevlation | ||
| 651 | _aভিয়েতনাম | ||
| 700 | _aআনিসুজ্জামান | ||
| 942 |
_2ddc _cBK |
||